| Tag |
First Indicator |
Second Indicator |
Subfields |
| LEADER |
00000cam a2200000Ia 4500 |
| 001 |
in00001673521 |
| 005 |
20151024122758.0 |
| 008 |
000711s2001 nyua 001 0 eng d |
| 020 |
|
|
|a 0028172442 (student ed.)
|
| 020 |
|
|
|a 0028172450 (teacher's wraparound ed.)
|
| 035 |
|
|
|a (OCoLC)ocm44565745
|
| 040 |
|
|
|a UUW
|c UUW
|d TXA
|d UtOrBLW
|
| 049 |
|
|
|a TXAM
|
| 090 |
|
|
|a PN4121
|b .C66 2001
|
| 245 |
0 |
0 |
|a Communication applications /
|c Virginia Hunter Myers, June Hubbell Smith, Marcia Myers Swanson ; Maridell Fisher Fryar, major consultant.
|
| 246 |
3 |
|
|a Glencoe communication applications.
|
| 264 |
|
1 |
|a New York :
|b Glencoe/McGraw-Hill,
|c [2001]
|
| 264 |
|
4 |
|c ©2001
|
| 300 |
|
|
|a xiii, 690 pages :
|b color illustrations ;
|c 27 cm. +
|e 1 Texas teacher's wraparound ed. + TEKS.
|
| 336 |
|
|
|a text
|b txt
|2 rdacontent
|
| 337 |
|
|
|a unmediated
|b n
|2 rdamedia
|
| 338 |
|
|
|a volume
|b nc
|2 rdacarrier
|
| 500 |
|
|
|a State adopted textbook.
|
| 500 |
|
|
|a Nonconforming.
|
| 500 |
|
|
|a Contains english and spanish glossaries.
|
| 500 |
|
|
|a Accompanied by 2 booklets: Application activities and oral presentation activities.
|
| 500 |
|
|
|a Includes index.
|
| 521 |
|
|
|a Grades 9-12.
|
| 650 |
|
0 |
|a Language arts (Secondary)
|
| 650 |
|
0 |
|a Communication.
|
| 700 |
1 |
|
|a Myers, Virginia
|q (Virginia Hunter)
|
| 700 |
1 |
|
|a Smith, June Hubbell.
|
| 700 |
1 |
|
|a Swanson, Marcia Myers.
|
| 700 |
1 |
|
|a Fryar, Maridell.
|
| 710 |
2 |
2 |
|a Glencoe/McGraw-Hill.
|
| 994 |
|
|
|a E0
|b TXA
|
| 999 |
|
|
|a MARS
|
| 999 |
f |
f |
|s 4026729f-dbb0-3a3e-8fa0-77e5b8ba369b
|i a68c1c29-afe9-337f-8f91-f71271bbe750
|t 0
|
| 952 |
f |
f |
|p normal
|a Texas A&M University
|b College Station
|c Sterling C. Evans Library
|d Evans: Curriculum Collection Textbooks (4th floor)
|t 0
|e PN4121 .C66 2001
|h Library of Congress classification
|i unmediated -- volume
|k Oral
|m A14828828495
|
| 952 |
f |
f |
|p normal
|a Texas A&M University
|b College Station
|c Sterling C. Evans Library
|d Evans: Curriculum Collection Textbooks (4th floor)
|t 0
|e PN4121 .C66 2001
|h Library of Congress classification
|i unmediated -- volume
|k Oral
|m A14828828542
|
| 952 |
f |
f |
|p normal
|a Texas A&M University
|b J.J. Pickle Campus
|c High Density Repository
|d Remote Storage
|t 0
|e PN4121 .C66 2001
|h Library of Congress classification
|i unmediated -- volume
|k Text
|m A14828828461
|
| 952 |
f |
f |
|p normal
|a Texas A&M University
|b College Station
|c Sterling C. Evans Library
|d Evans: Curriculum Collection Textbooks (4th floor)
|t 0
|e PN4121 .C66 2001
|h Library of Congress classification
|i unmediated -- volume
|k Teachers ed.
|m A14828828526
|
| 952 |
f |
f |
|p normal
|a Texas A&M University
|b College Station
|c Sterling C. Evans Library
|d Evans: Curriculum Collection Textbooks (4th floor)
|t 0
|e PN4121 .C66 2001
|h Library of Congress classification
|i unmediated -- volume
|k Text
|m A14828828518
|
| 952 |
f |
f |
|p normal
|a Texas A&M University
|b College Station
|c Sterling C. Evans Library
|d Evans: Curriculum Collection Textbooks (4th floor)
|t 0
|e PN4121 .C66 2001
|h Library of Congress classification
|i unmediated -- volume
|k TEKS
|m A14828828500
|
| 952 |
f |
f |
|p normal
|a Texas A&M University
|b J.J. Pickle Campus
|c High Density Repository
|d Remote Storage
|t 0
|e PN4121 .C66 2001
|h Library of Congress classification
|i unmediated -- volume
|k Teachers ed.
|m A14828828479
|
| 952 |
f |
f |
|p normal
|a Texas A&M University
|b College Station
|c Sterling C. Evans Library
|d Evans: Curriculum Collection Textbooks (4th floor)
|t 0
|e PN4121 .C66 2001
|h Library of Congress classification
|i unmediated -- volume
|k Appl.
|m A14828828487
|
| 952 |
f |
f |
|p normal
|a Texas A&M University
|b College Station
|c Sterling C. Evans Library
|d Evans: Curriculum Collection Textbooks (4th floor)
|t 0
|e PN4121 .C66 2001
|h Library of Congress classification
|i unmediated -- volume
|k Appl.
|m A14828828534
|
| 998 |
f |
f |
|a PN4121 .C66 2001
|s Text
|t 0
|l Evans: Curriculum Collection Textbooks (4th floor)
|
| 998 |
f |
f |
|a PN4121 .C66 2001
|s Text
|t 0
|l Evans: Curriculum Collection Textbooks (4th floor)
|